MARC details
| 000 -LEADER |
| fixed length control field |
01232nam a2200349 a 4500 |
| 001 - CONTROL NUMBER |
| control field |
vtls001278086 |
| 003 - CONTROL NUMBER IDENTIFIER |
| control field |
NLI |
| 005 - DATE AND TIME OF LATEST TRANSACTION |
| control field |
20210627042312.0 |
| 008 - FIXED-LENGTH DATA ELEMENTS--GENERAL INFORMATION |
| fixed length control field |
120416s1971 enk 000 0 eng |
| 039 #9 - LEVEL OF BIBLIOGRAPHIC CONTROL AND CODING DETAIL [OBSOLETE] |
| Level of rules in bibliographic description |
201601061025 |
| Level of effort used to assign nonsubject heading access points |
syamalkb |
| Level of effort used to assign subject headings |
201601061018 |
| Level of effort used to assign classification |
syamalkb |
| -- |
201204161802 |
| -- |
VLOAD |
| 040 ## - CATALOGING SOURCE |
| Original cataloging agency |
NLI |
| Language of cataloging |
eng |
| Transcribing agency |
Datasoft_G&E |
| Description conventions |
AACR2 |
| 041 0# - LANGUAGE CODE |
| Language code of text/sound track or separate title |
eng |
| 044 ## - COUNTRY OF PUBLISHING/PRODUCING ENTITY CODE |
| MARC country code |
enk |
| 082 04 - DEWEY DECIMAL CLASSIFICATION NUMBER |
| Classification number |
327.1 |
| 100 1# - MAIN ENTRY--PERSONAL NAME |
| Personal name |
Horowitz, David, |
| Dates associated with a name |
1939- |
| 9 (RLIN) |
699605 |
| 245 10 - TITLE STATEMENT |
| Title |
Imperialism and revolution / |
| Statement of responsibility, etc. |
by David Horowitz |
| 260 ## - PUBLICATION, DISTRIBUTION, ETC. |
| Place of publication, distribution, etc. |
Harmondsworth : |
| Name of publisher, distributor, etc. |
Penguin Books, |
| Date of publication, distribution, etc. |
1971 |
| 300 ## - PHYSICAL DESCRIPTION |
| Extent |
274 p. ; |
| Dimensions |
19 cm. |
| 500 ## - GENERAL NOTE |
| General note |
American ed. (New York, Randon House) has title: Empire and revolution |
| 650 #0 - SUBJECT ADDED ENTRY--TOPICAL TERM |
| Topical term or geographic name entry element |
Communist strategy |
| 9 (RLIN) |
699606 |
| 650 #0 - SUBJECT ADDED ENTRY--TOPICAL TERM |
| Topical term or geographic name entry element |
World politics |
| Chronological subdivision |
1945-1989 |
| 9 (RLIN) |
680806 |
| 650 #0 - SUBJECT ADDED ENTRY--TOPICAL TERM |
| Topical term or geographic name entry element |
Revolutions |
| 9 (RLIN) |
691572 |
| 651 #0 - SUBJECT ADDED ENTRY--GEOGRAPHIC NAME |
| Geographic name |
Soviet Union |
| General subdivision |
History |
| 651 #0 - SUBJECT ADDED ENTRY--GEOGRAPHIC NAME |
| Geographic name |
United States |
| General subdivision |
Relations |
| 9 (RLIN) |
699607 |
| 887 ## - NON-MARC INFORMATION FIELD |
| Content of non-MARC field |
syamal Kanti Biswas |
| 901 ## - LOCAL DATA ELEMENT A, LDA (RLIN) |
| a |
G41858 : |
| b |
02.07.2010` |
| 902 ## - LOCAL DATA ELEMENT B, LDB (RLIN) |
| a |
E 327.1 H 785 |
| 905 ## - LOCAL DATA ELEMENT E, LDE (RLIN) |
| a |
syamal Kanti Biswas |
| 949 ## - LOCAL PROCESSING INFORMATION (OCLC) |
| -- |
VIRTUAITEM |
| -- |
10000 |
| -- |
100 |
| 6 |
GIF000041858ENG |
| 942 ## - ADDED ENTRY ELEMENTS (KOHA) |
| Source of classification or shelving scheme |
Dewey Decimal Classification |
| Koha item type |
Books |